| 000 | 00937cam a2200217 4500 | ||
|---|---|---|---|
| 001 | WB3727-24 | ||
| 008 | 000000n2001 000 0 eng u | ||
| 035 | _a(Sirsi) u113546 | ||
| 245 | _aDensity levels to be strictly enforced | ||
| 260 | _c2001 | ||
| 490 |
_aPlanning (for the Natural and Built Environment) _v(1426) 6 July 2001, 3(1) |
||
| 520 | _aA recent test case appeal decision indicates that, as prescribed by PPG3, the Planning Inspectorate will strictly enforce a minimum density of 30 homes per hectare. A proposal by Alfred McAlpine Homes North West to build 62 new houses at Whitefield was rejected on the grounds that it provided 28.8 homes per hectare. | ||
| 590 | _aWB | ||
| 650 | _aDENSITY | ||
| 650 | _aPPG3 | ||
| 650 | _aPLANNING INSPECTORATE | ||
| 650 | _aALFRED MCALPINE HOMES NORTH WEST | ||
| 650 | _aNEW HOUSING | ||
| 690 | _aENVIRONMENTAL AND LAND CONSULTANCY-PLANNING AND DEVELOPMENT | ||
| 942 | _n0 | ||
| 999 |
_c67638 _d67638 |
||